000 00307nam a2200121Ia 4500
008 240731s9999 xx 000 0 und d
022 _a1744-8387
245 0 _aExpert Review of Proteomics
260 _bTaylor & Francis
856 _uhttps://www.tandfonline.com/loi/ieru20
942 _2ddc
942 _cTFEJ
999 _c76599
_d76599
945 _a1
_bMadushi Gamage
_c1
_dMadushi Gamage